Statistics for Movie Multiple Choice

Click here to take the quiz!

General Stats

  • This quiz has been taken 10,052 times
  • The average score is 10 of 15

Answer Stats

Question Answer % Correct
In the movie "Frozen", who is Olaf?A snowman
88%
Which of the following characters would you be most likely to see in a film noir movie?A cynical private investigator
86%
For which of these movies did Leonardo DiCaprio win an Oscar for Best Actor?The Revenant
80%
What is it called when an actor breaks character to directly address the audience?Breaking the 4th wall
78%
What term is used to describe the the western films directed by Italian director Sergio Leone?Spaghetti westerns
78%
Which of these lines DIDN'T come from "Monty Python and the Holy Grail"?You killed my father. Prepare to die
76%
Which of the following is filmmaker Michael Bay known for?Explosions
75%
In the "Godfather" series, where was Vito Corleone born?Corleone, Sicily
71%
Did Julia Roberts and Richard Gere star in any movies together, other than "Pretty Woman"?Yes
68%
Which of these actors DIDN'T appear in "Pulp Fiction"?John Turturro
65%
Which of these movies was NOT directed by M. Night Shyamalan?The Ring
60%
What was the first movie in the Marvel Cinematic Universe?Iron Man
57%
Which of these is NOT a real job title that appears in movie credits?Splicer
51%
True or false. Since 1930, the percentage of Americans who go to the movies has increased.False
50%
Where is the Temple of Doom in "Indiana Jones and the Temple of Doom"?India
50%

Score Distribution

Percentile by Number Answered

Percent of People with Each Score

Your Score History

You have not taken this quiz